Catalog

Record Details

Catalog Search



Hide and seek Harry at the beach / [Board Book] ... Read More

Harrison, Kenny,(author.).

Available copies

  • 0 of 1 copy available at LARL/NWRL Consortium.

Current holds

0 current holds with 1 total copy.

Show Only Available Copies
Location Call Number / Copy Notes Barcode Shelving Location Status Due Date
Thief River Falls Public Library e HAR (BOARD BOOK) (Text) 35500005404817 Main Checked out 06/27/2026

Record details

  • ISBN: 9780763666033 (hardback)
  • ISBN: 0763666033 (hardback)
  • Physical Description: 1 volume (unpaged) : colour illustrations ; 18 cm.
  • Edition: First edition.
  • Publisher: Somerville, Massachusetts Candlewick Press, 2014.

Content descriptions

General Note:
Cover title.
On board pages.
Summary, etc.:
Harry likes to play hide-and-seek, but it's hard ... Read More
Subject: Hide-and-seek > Juvenile fiction.
Hippopotamus > Juvenile fiction.
Board books.
LDR 01371cam a2200349Mi 4500
001166103
003LARL_NWRL_CONSORTIUM
00520140512122029.0
008140429s2014 maua a 000 1 eng
020 . ‡a9780763666033 (hardback)
020 . ‡a0763666033 (hardback)
035 . ‡a(OCoLC)878922540 ‡z(OCoLC)879121320
040 . ‡aAU@ ‡beng ‡cAU@ ‡erda ‡dOCLCO ‡dGBX
049 . ‡aNRG
08204. ‡a813.6 ‡223
1001 . ‡aHarrison, Kenny, ‡eauthor.
24510. ‡aHide and seek Harry at the beach / ‡h[Board Book] ‡cKenny Harrison.
250 . ‡aFirst edition.
260 . ‡aSomerville, Massachusetts ‡bCandlewick Press, ‡c2014.
300 . ‡a1 volume (unpaged) : ‡bcolour illustrations ; ‡c18 cm.
336 . ‡atext ‡btxt ‡2rdacontent
336 . ‡astill image ‡bsti ‡2rdacontent
337 . ‡aunmediated ‡bn ‡2rdamedia
338 . ‡avolume ‡bnc ‡2rdacarrier
500 . ‡aCover title.
500 . ‡aOn board pages.
520 . ‡aHarry likes to play hide-and-seek, but it's hard to hide a hippo! Little readers will love being in on the joke as they spot the formidable Harry.
650 0. ‡aHide-and-seek ‡vJuvenile fiction.
650 0. ‡aHippopotamus ‡vJuvenile fiction.
650 0. ‡aBoard books. ‡0(LARL_NWRL_CONSORTIUM)162180
901 . ‡a166103 ‡bISxN ‡c166103 ‡tbiblio

Additional Resources